|
|
|
|
| LEADER |
00000nam0a2200000 4500 |
| 001 |
228161 |
| 005 |
20231101230844.0 |
| 020 |
|
|
|a RU
|b 90-25922
|
| 035 |
|
|
|a (RuTPU)RU\TPU\book\248613
|
| 035 |
|
|
|a RU\TPU\book\248613
|
| 090 |
|
|
|a 228161
|
| 100 |
|
|
|a 19950417d1990 m y0rusy5003 ca
|
| 101 |
0 |
|
|a rus
|
| 102 |
|
|
|a GE
|
| 105 |
|
|
|a a z 000zd
|
| 200 |
1 |
|
|a Польский диалог. События в Польше глазами польских, советских, американских, английских, западногерманских и французских журналистов
|f Е. Брониславский, Г. Н. Вачнадзе
|
| 210 |
|
|
|a Тбилиси
|c Ганатлеба
|d 1990
|
| 215 |
|
|
|a 639,[1] с., [12] л. ил.
|c ил.
|d 22 см
|
| 330 |
|
|
|a В 1983 г. в Тбилиси небольшим тиражом издана книга Г. Вачнадзе "Заговор против Польши?". Вступительную главу к данной повторной публикации "Заговора" написал польский публицист Ежи Брониславский. Готовя по просьбе издательства отзыв на рукопись книги, рецензент (Е. Брониславский) согласился на диалог с автором (Г. Вачнадзе), из которого читатель почерпнет немало интересных документальных свидетельств об обстановке в Польше в 80-х годах.
|
| 600 |
|
1 |
|a Валенса
|g Лех
|c президент Польши
|f 1943-
|b Л.
|2 stltpush
|3 (RuTPU)RU\TPU\pers\960
|
| 600 |
|
1 |
|a Картер
|b Дж. Э.
|c американский государственный деятель
|c 39-й президент США
|f 1924-
|g Джеймс (Джимми) Эрл
|c лауреат Нобелевской премии мира
|2 stltpush
|3 (RuTPU)RU\TPU\pers\14748
|
| 600 |
|
0 |
|a Иоанн Павел II
|c в миру Кароль Юзеф Войтыла
|c римский папа 1978-2005
|f 1920-2005
|2 stltpush
|3 (RuTPU)RU\TPU\pers\21746
|
| 600 |
|
1 |
|a Ярузельский
|g Войцех
|b В.
|c президент Польши
|f 1923-
|2 stltpush
|3 (RuTPU)RU\TPU\pers\959
|
| 600 |
|
1 |
|a Валенса
|g Лех
|c президент Польши
|f 1943-
|b Л.
|2 stltpush
|3 (RuTPU)RU\TPU\pers\960
|
| 600 |
|
1 |
|a Картер
|b Дж. Э.
|c американский государственный деятель
|c 39-й президент США
|f 1924-
|g Джеймс (Джимми) Эрл
|c лауреат Нобелевской премии мира
|2 stltpush
|3 (RuTPU)RU\TPU\pers\14748
|
| 600 |
|
0 |
|a Иоанн Павел II
|c в миру Кароль Юзеф Войтыла
|c римский папа 1978-2005
|f 1920-2005
|2 stltpush
|3 (RuTPU)RU\TPU\pers\21746
|
| 600 |
|
1 |
|a Ярузельский
|g Войцех
|b В.
|c президент Польши
|f 1923-
|2 stltpush
|3 (RuTPU)RU\TPU\pers\959
|
| 600 |
|
1 |
|a Бжезинский
|b З.
|c американский социолог, государственный деятель, политолог
|f р.1928
|g Збигнев
|2 stltpush
|3 (RuTPU)RU\TPU\pers\30230
|9 14610
|
| 606 |
1 |
|
|a Польша
|x История
|2 stltpush
|3 (RuTPU)RU\TPU\subj\67992
|9 83553
|
| 610 |
1 |
|
|a кризис
|
| 610 |
1 |
|
|a Катынь
|
| 610 |
1 |
|
|a оппозиция
|
| 610 |
1 |
|
|a политическая эмиграция
|
| 610 |
1 |
|
|a дипломатия
|
| 610 |
1 |
|
|a политика
|
| 610 |
1 |
|
|a советско-польские отношения
|
| 610 |
1 |
|
|a католическая церковь
|
| 610 |
1 |
|
|a экономика
|
| 686 |
|
|
|a Ф3(4П)
|v LBC/SL-A
|2 rubbk
|
| 700 |
|
1 |
|a Брониславский
|b Е.
|g Ежи
|4 070
|
| 701 |
|
1 |
|a Вачнадзе
|b Г. Н.
|g Георгий Николаевич
|4 070
|
| 801 |
|
1 |
|a RU
|b 63413507
|c 20121215
|
| 801 |
|
2 |
|a RU
|b 63413507
|c 20121219
|g RCR
|
| 942 |
|
|
|c BK
|